Los teatros en la Ciudad de México /
Historia social de los teatros en la Ciudad de México, desde los lugares rudimentarios hechos especialmente para representaciones escénicas en la Nueva España, hasta algunos teatros inaugurados en las décadas 50 y 60 de nuestro siglo, de los cuales varios siguen funcionando hoy en día.
Wedi'i Gadw mewn:
| Prif Awdur: | |
|---|---|
| Fformat: | Llyfr |
| Iaith: | Sbaeneg |
| Cyfres: | (Colección Popular Ciudad de México ;
22) |
| Pynciau: | |
| Tagiau: |
Dim Tagiau, Byddwch y cyntaf i dagio'r cofnod hwn!
|
MARC
| LEADER | 00000nam^a2200000^a^4500 | ||
|---|---|---|---|
| 001 | 000093332 | ||
| 005 | 20250521000000.0 | ||
| 009 | 20260310092754.101 | ||
| 037 | |a Acervo ITESO - Biblioteca | ||
| 041 | |a ESP | ||
| 082 | |a 972. 532 |b POP V. 22 | ||
| 100 | |a Magaña Esquivel, Antonio |e (autor) | ||
| 245 | 1 | 4 | |a Los teatros en la Ciudad de México / |c A. Magaña Esquivel. |
| 264 | |a México : |b Departamento del Distrito Federal, Secretaría de Obras y Servicios, |c 1974 | ||
| 300 | |a 142 p. | ||
| 336 | |a texto |b txt |2 rdacontenido | ||
| 337 | |a sin mediación |b n |2 rdamedio | ||
| 338 | |a volumen |b nc |2 rdasoporte | ||
| 440 | 1 | |a (Colección Popular Ciudad de México ; |v 22) | |
| 520 | |a Historia social de los teatros en la Ciudad de México, desde los lugares rudimentarios hechos especialmente para representaciones escénicas en la Nueva España, hasta algunos teatros inaugurados en las décadas 50 y 60 de nuestro siglo, de los cuales varios siguen funcionando hoy en día. | ||
| 649 | |a XX | ||
| 650 | |a Teatros - |z México - |x Historia - |y Siglo XVIII | ||
| 650 | |a Teatros - |z México - |x Historia - |y Siglo XIX | ||
| 650 | |a Teatros - |z México - |x Historia - |y Siglo XX | ||
| 650 | |a Arquitectura Mexicana - |x Historia y Crítica | ||
| 910 | |a Fondo Jesús Rodríguez | ||
| 920 | |a Impresos - Libros | ||
| 930 | |a Fondos Especiales | ||
| 905 | |a 113 | ||
| 901 | |a 0500029273 |b IT2 |c ESP |u 20250521 | ||
| 902 | |a https://opac.biblio.iteso.mx/vufind/Record/000093332 | ||